000 04053nam a22004097a 4500
001 0040191
003 KOHA_MİRAKIL
005 20260207003154.0
007 ta
008 130429b2013 tu a|||gro|||#1|||0|tur |
020 _a9786058644779
040 _aTR-BiSEU
_btur
_cTR-BiSEU
_erda
041 0 _atur
044 _ctu
050 _aHQ1236.5
_b.I88 2013
245 1 _aİstihdamda ve sosyal güvenlikte cinsiyet eşitliği paneli ve çalıştay bildirileri/
_cSosyal Güvenlik Kurumu.
264 1 _aAnkara :
_bSosyal Güvenlik Kurumu
_c2013
300 _a213 sayfa :
_bgra.; 24 cm
336 _ametin
_btxt
_2rdacontent
337 _aaracısız
_bn
_2rdamedia
338 _acilt
_bnc
_2rdacarrier
490 1 _aSGK.
490 1 _aSosyal Güvenlik Kurumu Başkanlığı ;
_vYayın No.
490 1 _a64
505 _aAÇILIŞ KONUŞMALARI
_x
_x Fatih ACAR, Sosyal Güvenlik Kurumu Başkanı ....................................................13
_x
_x Ümit Deniz EFENDİOĞLU, ILO Türkiye Ofisi Direktörü....................................19
_x
_x Doç Dr. Aşkın ASAN, Aile ve Sosyal Politikalar Bakan Yardımcısı.......................22
_x
_x AJze Sibel GÖNÜL, TBMM Kadın Erkek Fırsat Eşitliği Komisyonu Başkam .... 28
_x
_x OTURUM KONUŞMALARI
_x
_x Panel Açılış Konuşması
_x
_x Yadigar GÖKALP, Sosyal Güvenlik Kurumu Başkan Yardımcısı .........................35
_x
_x İstihdamda Cinsiyet Eşitliğinin Genel Çerçevesi
_x
_x Prof. Dr. Yıldız ECEVİT, ODTÜ Kadın Çalışmaları Anabilim Dalı Başkanı 37
_x
_x Çalışma Hayatında Cinsiyet Eşitliğinin Yol Haritası
_x
_x Nur GER, TÜSİAD Kadın Erkek Çalışma Grubu Başkanı .....................................47
_x
_x Türkiye'de İşten Çıkışlarda Cinsiyet Eşitliğine İlişkin Demografik Bir Analiz
_x
_x Yrd. Doç. Dr. Şeref HOŞGÖR, Başkent Üniversitesi Sigortacılık ve....................55
_x
_x Risk Yönetimi Bölümü Öğretim Üyesi
_x
_x Çalışma Hayatında Toplumsal Cinsiyet Eşitliği Projesi ve Sonuçları
_x
_x Lütfi İNCİROĞLU, ÇSGB Çalışma Genel Müdür Yardımcısı ..............................59
_x
_x BİLDİRİLER
_x
_x Türkiye'de Kadın İstihdamı: İş ve Sosyal Güvenlik Mevzuatında Kadın Çalışanlar
_x
_x Orhan YAVUZ, Sosyal Güvenlik Uzmanı...............................................................69
_x
_x Türkiye'de İşten Çıkışlarda Cinsiyet Eşitliğine Dair Demografik Bir Analiz Yasemin Göknur ÜNDEMİR, vd. Sosyal Güvenlik Uzmanı.................................91
_x
_x Türkiye'de Kadınların İşgücüne Katılımında Gözlenen Kayıt Dışı İstihdam Sorunu
_x
_x Öznur YALÇINKAYA, Sosyal Güvenlik Uzmanı ................................................107
_x
_x Kadın Yönelik Korumacı Sosyal Güvenlik Mevzuatı
_x
_x Gülen Seda İMAMOGLU, Sosyal Güvenlik Uzmanı..........................................139
_x
_x 5510 Sayılı Sosyal Sigortalar ve Genel Sağlık Sigortası Kanununda Cinsiyet Eşitliği
_x
_x Abdülkadir KULU, Sosyal Güvenlik Uzmanı ......................................................154
_x
_x Ev Eksenli Çalışan Kadınların Sosyal Güvenlik Sistemi Kapsamında Değerlendirilmesi
_x
_x Kamer Şaziye AYDIN, Sosyal Güvenlik Uzmanı .................................................173
_x
_x Sosyal Güvenlik Alanında Kadınlar ve Erkekler Arasında İşlem Eşitliği Prensibi: 79/7/EEC Sayılı Direktif ve Türkiye
_x
_x Hicran ATATANIR, Sosyal Güvenlik Uzmanı .....................................................196.
650 0 _aCinsiyet eşitliği--İstihdam--Paneller.
_974570
650 0 _aGender equality--Employment--Panels.
_974571
650 0 _aCinsiyet eşitliği.
_955632
650 0 _aGender equality.
_955633
650 0 _aSosyal güvenlik--Paneller.
_974572
650 0 _aSocial security--Panels.
_974573
830 1 _aSGK.
_974574
830 1 _aSosyal Güvenlik Kurumu Başkanlığı ;
_vYayın No.
_974575
830 1 _a64
_92564
907 _aPanel/Oturum
942 _2lcc
_cBK
999 _c40068
_d40068